Willshouse challenge Quiz Stats

Quiz not verified by Sporcle

Challenge
Share
Tweet
Embed
Score 0/23 Timer 05:00
0 Plays Today
Read this Answer here idiot % Correct
Paul's Favourite Item dropped?Plate
100%
Im bored of doing this nowWaffles?
100%
omgwtf
100%
So?Willhouse?
50%
'Get me a ...'Drink
50%
In a game of Ice Hokey what is the name of the 'ball' that is passed between players joe?Jack
50%
Where is Africa Habour?Chile
50%
After using two attachments for his gun, joe is now what?Being pro
50%
A hand joe will only bet onAce High
50%
moo?moooooooooooooooooooooo
50%
Your favourite drink?Puss from an anal fissure
50%
Joe's Average KD spreadZero
50%
Read this Answer here idiot % Correct
Whepisode?Scrubs
50%
Joe + alcohol = ..... on walls?Nutella
50%
How do you delete extra questions? I dunno!
50%
bbqhax
50%
Ah I just found out how to delete extra qsYou idiot
50%
Burn's Special Move while skiing Tae Kwon Plough
0%
hipaul
0%
What are you most likey craving?WoW
0%
P-Cl 5 ?WTF!?!?!?! OMG
0%
Yes I would like some, Im going to eat some waffles
0%
**** its a lion!Get in the car
0%

You're not logged in!

Compare scores with friends on all Sporcle quizzes.
Sign Up with Email
OR
Log In

You Might Also Like...

Show Comments

Extras

Top Quizzes Today


Score Distribution

Your Account Isn't Verified!

In order to create a playlist on Sporcle, you need to verify the email address you used during registration. Go to your Sporcle Settings to finish the process.